000 00557nam a2200169Ia 4500
008 180921t2018 xxu||||| |||| 00| 0 sin d
041 _asin
080 _a8සි3(යොවුන්)
_bටේලර්
100 _aටේලර්, සිඩ්නි
245 _aඑක ඉත්තක මල් -1
260 _bසමයවර්ධන
_aකොළඹ
_c2018
300 _aසෙ.මි.18, පි.198
700 _aචිත්‍රා අමරසේකර
_eපරි.
942 _cBK
999 _c10791
_d10791
003 LK-CoDNM
040 _aLK-CoDNM
_dLK-CoDNM
_eLK-CoDNM